Geografia według obrazka na literę B - Statystyki

Ogólne statystyki
  • Ten quiz został rozwiązany 105 razy
    96 od ostatniego zresetowania
  • Średni wynik to 12 z 18
Statystyki odpowiedzi
Obrazkowy Hint Odpowiedź % Poprawnych
państwo Belgia
98%
miasto Berlin
98%
morze Bałtyckie
95%
państwo Brazylia
95%
podmokły obszar bagno
91%
miasto Bruksela
86%
region Bawaria
77%
Park Narodowy Białowieski
77%
miasto Budapeszt
76%
wyspa Borneo
69%
cieśnina Bosfor
66%
miasto Bangkok
59%
wyspa Bali
55%
państwo Boliwia
54%
miasto Boston
53%
starożytne miasto Babilonia
39%
wyspa Baffina
20%
miasto Bilbao
16%
Nie znaleziono quizów pasujących do podanych kryteriów
Rozkład punktacji
Procent ludzi z każdym wynikiem
Percentyl według liczby udzielonych odpowiedzi
Twoja historia wyników
Nie rozwiązałeś tego quizu od ostatniego zresetowania